000 00731nam a2200289Ia 4500
005 20260324111614.0
008 008 260324s9999 xx 000 0 eng d
020 _a9781032659220
037 _aEBOOK
040 _aCRL
040 _beng
040 _cCRL
041 _2eng
041 _aeng
084 _qCRL
100 _aAdedeji B. Badiru
_91139254
245 0 _aIndustrial Engineering Strategy for Constructive Technologies
245 2 _bA Systems-Based Approach for the Global Economy
260 _bTaylor and Francis
260 _c2025
365 _a
365 _b240
856 _uhttp://www.taylorfrancis.com/books/9781032659220
942 _cEBOOK
999 _c1728133
_d1728133